Contextos: antología ilustrada de textos informativos

Збережено в:
Бібліографічні деталі
Автори: Hurtado, Isabel (Автор), Ulloa, Fernanda (Автор)
Формат: Книга
Мова:Іспанська
Опубліковано: Santiago Planeta Chilena S. A 2012
Предмети:
Теги: Додати тег
Немає тегів, Будьте першим, хто поставить тег для цього запису!

MARC

LEADER 00000cam a2200000 a 4500
001 UCF6646
003 CL-VaPUC
008 130509e20121100CL |||||||||||||||||spa|d
020 |a 9789562476287 
082 0 4 |a 808.899283  |b HUR  |2 21 
100 0 |a Hurtado, Isabel  |e author  |9 568670 
700 0 |a Ulloa, Fernanda  |e author  |9 568671 
245 1 0 |a Contextos: antología ilustrada de textos informativos 
300 |a 307 p 
942 |c BK 
945 |d 20130509 00:00:00  |a dcastane 
260 |a Santiago  |b Planeta Chilena S. A  |c 2012 
500 |a Antología preparada para 2º Año Medio 
650 0 |a Literatura  |9 259151 
650 0 |a Antología literaria   |9 558137 
650 0 |a Literatura hispanoamericana  |9 269097 
650 7 |a TEXTOS INFORMATIVOS  |2 CL-VaPUC  |9 454714 
583 |a last modification  |c 20130509 12:56:00  |k Rodrigo Vera 
999 |c 351785  |d 351783 
952 |0 0  |1 0  |4 0  |6 808_899283000000000_HUR_2012  |7 0  |8 A  |9 456113  |a BIBEDU  |b BIBEDU  |d 2019-11-22  |i 497008K  |o 808.899283 HUR 2012  |p 497008K  |r 2019-11-22  |w 2019-11-22  |y BK  |k LIT